Dimensions of rural development : its role in socio-economic transformation (Record no. 382490)

000 -LEADER
fixed length control field 00396cam a22001217a 4500
008 - FIXED-LENGTH DATA ELEMENTS--GENERAL INFORMATION
fixed length control field 180718b1997 xxu||||| |||| 00| 0 eng d
082 ## - DEWEY DECIMAL CLASSIFICATION NUMBER
Classification number B136x54 R144d
100 ## - MAIN ENTRY--PERSONAL NAME
Personal name Ram Das
245 ## - TITLE STATEMENT
Title Dimensions of rural development : its role in socio-economic transformation
Statement of responsibility, etc. by Ram Das
260 ## - PUBLICATION, DISTRIBUTION, ETC.
Place of publication, distribution, etc. Meerut
Name of publisher, distributor, etc. Twenty-First Century Publications
Date of publication, distribution, etc. 1997
300 ## - PHYSICAL DESCRIPTION
Extent 395p.
650 ## - SUBJECT ADDED ENTRY--TOPICAL TERM
Topical term or geographic name entry element Rural development - India.
Holdings
Withdrawn status Lost status Damaged status Not for loan Permanent Location Current Location Date acquired Full call number Barcode Date last seen Price effective from Koha item type
        Indian Institute of Public Administration Indian Institute of Public Administration 1997-12-09 B136x54 R144d 72573 2018-07-21 2018-07-21 Book

Powered by Koha